Top 5 Biggest Cities in Bahrain by Population - Statistics

General Stats
  • This quiz has been taken 3 times
  • The average score is 2 of 5
Answer Stats
Population City % Correct
759k Manama
100%
97k Al Muharraq
67%
80k Ar Rifa'
33%
65k Dar Kulayb
0%
53k Madinat Hamad
0%
No matching quizzes found
Score Distribution
Percent of People with Each Score
Percentile by Number Answered
Your Score History
You have not taken this quiz